LEADER 01097nam 2200373 450 001 9910317819203321 005 20221014194013.0 010 $a1-83881-302-0 010 $a1-78923-143-4 035 $a(CKB)4970000000099892 035 $a(NjHacI)994970000000099892 035 $a(EXLCZ)994970000000099892 100 $a20221014d2018 uy 0 101 0 $aeng 135 $aur||||||||||| 181 $ctxt$2rdacontent 182 $cc$2rdamedia 183 $acr$2rdacarrier 200 00$aPrimary total knee arthroplasty /$fedited by Alessandro Rozim Zorzi, Joa?o Batista De Miranda 210 1$aLondon, England :$cIntechOpen,$d[2018] 210 4$dİ2018 215 $a1 online resource (134 pages) 311 $a1-78923-142-6 606 $aTotal knee replacement 615 0$aTotal knee replacement. 676 $a617.5820592 702 $aZorzi$b Alessandro Rozim 702 $aMiranda$b Joa?o Batista de 801 0$bNjHacI 801 1$bNjHacl 906 $aBOOK 912 $a9910317819203321 996 $aPrimary Total Knee Arthroplasty$91919593 997 $aUNINA